Diagns̤tico sobre incidencia de legislaciones y polt̕icas en el acceso de adolescentes y jv̤enes a servicios de salud sexual y reproductiva en Cuba

Bibliographic Details
Main Author: Gonzl̀ez Ferrer, Yamila
Other Authors: Přez Gutiřrez, Ivonne
Format: eBook
Language:Spanish
Published: La Habana: Unin̤ Nacional de Juristas de Cuba, 2019
Subjects:
Online Access:Acceso restringido

MARC

LEADER 00000nam a22000007a 4500
005 2020092200240.0
007 cr|||| ||||
008 200922s2019 cu |||||s|||| 00||0 spa d
020 |a 978-959-7219-64-4 
035 |a 32068 
040 |a vLex 
090 |c 10758  |d 10758 
100 1 |a Gonzl̀ez Ferrer, Yamila 
245 1 0 |a Diagns̤tico sobre incidencia de legislaciones y polt̕icas en el acceso de adolescentes y jv̤enes a servicios de salud sexual y reproductiva en Cuba  |h [Recurso electrn̤ico] /  |c Yamila Gonzl̀ez Ferrer, Ivonne Přez Gutiřrez 
256 |a Servicio en ln̕ea 
260 |a La Habana:  |b Unin̤ Nacional de Juristas de Cuba,  |c 2019 
300 |a 1 recurso electrn̤ico 
506 1 |a Disponible solo en los productos indicados  |d vLex Global  |d vLex Global (Academic Edition, excluding Law Schools)  |d vLex Global (U.S. Academic Edition, Law Schools)  |d vLex Global (U.S. Academic Edition, excluding Law Schools)  |d vLex Global (Academic Edition, Law Schools) 
650 0 4 |a Derecho Pb︢lico y Administrativo  |z Cuba 
650 0 4 |a Derecho Constitucional  |z Cuba 
700 1 |a Přez Gutiřrez, Ivonne 
740 0 |a vLex Libros (Servicio en ln̕ea) 
856 4 0 |u http://vlex.com/source/diagnostico-incidencia-legislaciones-politicas-acceso-adolescentes-jovenes-servicios-salud-sexual-reproductiva-cuba-32068  |z Acceso restringido 
942 |c BOOK 
999 0 |a Public and Administrative Law 
999 0 |a Constitutional Law